| 000 | 00573nam a2200169 i 4500 | ||
|---|---|---|---|
| 001 | 21766 | ||
| 003 | ES-MaACL | ||
| 005 | 20230906152536.0 | ||
| 007 | t| | ||
| 008 | 021127s1970 sp ||||1| cat d | ||
| 245 | 0 | 0 |
_aAlmacelles _b: visió d'un poble / _cper René Perrin... [et al.] ; revisió del texti proleg Josep Vallverdú. |
| 260 |
_aBarcelona : _bAbadía de Montserrat, _c1970. |
||
| 300 |
_a273 p. : _b1 map. pleg., 1 plan. ; _cil. + _e21 cm. |
||
| 700 | 1 |
_aPerrin, René. _991365 |
|
| 700 | 1 |
_aVallverdú, Josep. _9112965 |
|
| 852 |
_aES-MaACL _jC-45781 _bR.73090 |
||
| 999 |
_c21766 _d21766 |
||